1634 1304 1092 1834 1484 1175 1507 1700 1932 1288 1360 1443 1155 1906 1442 1253 1006 1728 1671 1375 1718 1754 1652 1644 1576 1184 1498 1931 1080 1573 1718 1597 1383 1824 1888 1209 1750 1829 1417 1985 1406 1931 1796 1556 1697 1397 1955 1139 1319 1393 1161 1812 1566 1312 1114 1977 1464 1423 1768 1135 1108 1879 1526 1402 1980 1053 1396 1051 1507 1945 1660 1141 1828 1384 1545 1059 1051 1717 1955 1424 1913 1075 1342 1271 1491 1470 1137 1274 1176 1561 1178 1374 1558 1808 1208 1447 1709 1430 1650 BCNSPRNW ULIB Ver.6.0+V

เปลี่ยนเป็นภาษาไทย

Change to English
 แสดงรายละเอียดบรรณานุกรม
  กลับหน้าหลัก

Brief Record : Get Marc (ISO 2709) : E-mail record : QR code < ปิดหน้าต่าง
LEADER : 00000nam 2200000 a 4500
001    13399114119
003     ULIB
008    110125s2553 th a 000 0 tha d
020    ^a9789744019424
060 04 ^aWY156^bพ587ก
100 0  ^aพัสมณฑ์ คุ้มทวีพร
245 10 ^aการพยาบาลผู้ป่วยมะเร็ง :^bการป้องกันและการดูแลผู้ป่วย /^cพัสมณฑ์ คุ้มทวีพร
250    ^aพิมพ์ครั้งที่ 1
260    ^aกรุงเทพฯ :^bฮายาบุสะ กราฟฟิก,^c2553
300    ^a204 หน้า :^bภาพประกอบ ;^c26 ซม.
650  4 ^aการส่งเสริมสุขภาพ
650  4 ^aมะเร็ง^xการป้องกันและควบคุม
650  4 ^aมะเร็ง^xการพยาบาล
945    ^p250^l0^i18747
945    ^p250^l0^i18748
945    ^p250^l0^i18749
995    ^aเกษร
999 ^a ใช้งานได้ทุกระบบ
รายการนี้ยังไม่มีแท็ก
คุณยังไม่ได้ล็อกอิน คุณสามารถมีกิจกรรมร่วมกับเว็บไซต์ได้ แต่ต้องล็อกอินก่อน ::
  ล็อกอิน

รายการสื่อสารสนเทศ

ลำดับที่ ประเภท เลขเรียก/บาร์โค้ด สถานที่ สถานะ
1. วิทยาศาสตร์การแพทย์ และสุขภาพ
หนังสือสำรอง
สถานะ=หนังสือสำรอง
WY156 พ587ก ฉ.1 
  Barcode: 18747
ห้องสมุดวิทยาเขตนครสวรรค์
►ส่วนจัดเก็บหนังสือเก่า นว.
บนชั้น
  ขอยืม
2. วิทยาศาสตร์การแพทย์ และสุขภาพ
วิทยาศาสตร์การแพทย์ และสุขภาพ
WY156 พ587ก ฉ.2 
  Barcode: 18748
ห้องสมุดวิทยาเขตนครสวรรค์
►ส่วนจัดเก็บหนังสือเก่า นว.
บนชั้น
  ขอยืม
3. วิทยาศาสตร์การแพทย์ และสุขภาพ
วิทยาศาสตร์การแพทย์ และสุขภาพ
WY156 พ587ก ฉ.3 
  Barcode: 18749
ห้องสมุดวิทยาเขตนครสวรรค์
►ส่วนจัดเก็บหนังสือเก่า นว.
บนชั้น
  ขอยืม

รายการใกล้เคียง
    ผู้แต่ง [พัสมณฑ์ คุ้มทวีพร]

    หัวเรื่อง [การส่งเสริมสุขภาพ]
    หัวเรื่อง [มะเร็ง การป้องกันและควบคุม]

BibComment


ยังไม่เคยถูกคอมเมนท์

คอมเมนท์ทรัพยากรรายการนี้
  คอมเมนท์: การพยาบาลผู้ป่วย..


 Copyright 2026. Bcnsprnw @Library